Statistics for AS Roma - Top Scoring Percentage

Click here to take the quiz!

General Stats

  • This quiz has been taken 19 times
  • The average score is 4 of 12

Answer Stats

GoalsGoals/GameNationalityPlayer% Correct
1820.48ArgentinaAbel Balbo
69%
390.46ArgentinaPaulo Dybala
54%
2340.47ItalyAmedeo Amadei
46%
1600.66ItalyRodolfo Volk
46%
570.49Italy/ArgentinaDaniel Osvaldo
38%
1630.48Italy/BrazilDino Da Costa
23%
200.55SerbiaAleksandar Arangelovic
15%
580.52ItalyDanilo Michelini
15%
390.49ItalyDante Di Benedetti
15%
620.68Italy/ArgentinaEnrique Guaita
15%
740.49Italy/ArgentinaFrancisco Lojacono
15%
1640.62ArgentinaPedro Manfredini
15%

Score Distribution

Percentile by Number Answered

Percent of People with Each Score

Your Score History

You have not taken this quiz